| Tag |
First Indicator |
Second Indicator |
Subfields |
| LEADER |
00000cam a2200000 4500 |
| 001 |
in00000364721 |
| 005 |
20151011073944.0 |
| 008 |
730823s1935 enka 00010 eng |
| 010 |
|
|
|a 36001705
|
| 035 |
|
|
|a (OCoLC)00681512
|
| 035 |
|
|
|9 ABP4211AM
|
| 040 |
|
|
|c WSU
|d TXA
|d UtOrBLW
|
| 049 |
|
|
|a TXAM
|c [66599]
|
| 050 |
0 |
0 |
|a QC225
|b .R5 1935
|
| 100 |
1 |
|
|a Richardson, E. G.
|q (Edward Gick),
|d 1896-1960.
|
| 245 |
1 |
0 |
|a Sound ;
|b a physical text-book /
|c by E. G. Richardson.
|
| 250 |
|
|
|a 2d ed.
|
| 264 |
|
1 |
|a London :
|b Arnold,
|c [1935]
|
| 300 |
|
|
|a vii, 319 pages :
|b illustrations,diagrams ;
|c 22cm.
|
| 336 |
|
|
|a text
|b txt
|2 rdacontent
|
| 337 |
|
|
|a unmediated
|b n
|2 rdamedia
|
| 338 |
|
|
|a volume
|b nc
|2 rdacarrier
|
| 650 |
|
0 |
|a Sound.
|
| 999 |
|
|
|a MARS
|
| 999 |
f |
f |
|s 714224f3-13aa-3e26-898e-5c2ace821e80
|i 5f2ab6b7-ed40-3420-970e-1cc826339ad5
|t 0
|
| 952 |
f |
f |
|p normal
|a Texas A&M University
|b College Station
|c Sterling C. Evans Library
|d Evans: Library Stacks
|t 0
|e QC225 .R5 1935
|h Library of Congress classification
|i unmediated -- volume
|m A14804617131
|
| 998 |
f |
f |
|a QC225 .R5 1935
|t 0
|l Evans: Library Stacks
|